WEACAM: Wearable asthma control and monitoring (Record no. 13242)

000 -LEADER
fixed length control field 00498nam a22001577a 4500
082 ## - DEWEY DECIMAL CLASSIFICATION NUMBER
Classification number BE-EE-3
100 ## - MAIN ENTRY--PERSONAL NAME
Personal name Abdullah Khalil
9 (RLIN) 92959
245 ## - TITLE STATEMENT
Title WEACAM: Wearable asthma control and monitoring
260 ## - PUBLICATION, DISTRIBUTION, ETC.
Place of publication, distribution, etc. Islamabad
Name of publisher, distributor, etc. NUST-SEECS
Date of publication, distribution, etc. 2015
300 ## - PHYSICAL DESCRIPTION
Extent 77
Accompanying material CD Include
500 ## - GENERAL NOTE
General note Supervisors: Dr. Amir Ali Khan, Dr. Awais M. Kamboh
700 ## - ADDED ENTRY--PERSONAL NAME
Personal name Saadullah Amin
9 (RLIN) 92960
700 ## - ADDED ENTRY--PERSONAL NAME
Personal name Muhammad Raza Khalid
9 (RLIN) 92961
856 ## - ELECTRONIC LOCATION AND ACCESS
Uniform Resource Identifier <a href="http://10.250.8.41:8080/xmlui/handle/123456789/9823">http://10.250.8.41:8080/xmlui/handle/123456789/9823</a>
942 ## - ADDED ENTRY ELEMENTS (KOHA)
Koha item type Project Report
Source of classification or shelving scheme
Holdings
Withdrawn status Lost status Damaged status Not for loan Collection code Permanent Location Current Location Shelving location Date acquired Full call number Barcode Date last seen Price effective from Koha item type
WITHDRAWN         Central Library (CL) Central Library (CL) General Stacks 07/07/2015 BE-EE-3 ABD SEECSP01646 07/05/2015 07/05/2015 Project Report
© 2023 Central Library, National University of Sciences and Technology. All Rights Reserved.